<?xml version="1.0" encoding="UTF-8"?>
<collection xmlns="http://www.loc.gov/MARC21/slim">
 <record>
  <leader>01336pamaa2200205   4500</leader>
  <controlfield tag="001">0000050232</controlfield>
  <controlfield tag="005">20121212090000.0</controlfield>
  <datafield tag="020" ind1="0" ind2="0">
   <subfield code="a">9781439840450 </subfield>
  </datafield>
  <datafield tag="090" ind1="0" ind2="0">
   <subfield code="a">TA1637 </subfield>
   <subfield code="b">RUS 2011</subfield>
  </datafield>
  <datafield tag="100" ind1="1" ind2="0">
   <subfield code="a">Russ </subfield>
  </datafield>
  <datafield tag="245" ind1="1" ind2="4">
   <subfield code="a">The image processing handbook  </subfield>
   <subfield code="c">John C. Russ.</subfield>
  </datafield>
  <datafield tag="250" ind1="0" ind2="0">
   <subfield code="a">6th ed.</subfield>
  </datafield>
  <datafield tag="260" ind1="0" ind2="0">
   <subfield code="a">Boca Raton: </subfield>
   <subfield code="b">CRC Press, </subfield>
   <subfield code="c">2011.</subfield>
  </datafield>
  <datafield tag="300" ind1=" " ind2=" ">
   <subfield code="a">xviii, 867p.: </subfield>
   <subfield code="b">ill. (some col.); </subfield>
   <subfield code="c">26cm.</subfield>
  </datafield>
  <datafield tag="501" ind1="0" ind2="0">
   <subfield code="a">FOEIT</subfield>
  </datafield>
  <datafield tag="504" ind1="0" ind2="0">
   <subfield code="a">Includes bibliographical references (p. 817-838) and index</subfield>
  </datafield>
  <datafield tag="505" ind1="0" ind2="0">
   <subfield code="a">&quot;This guide clearly explains the acquisition and use of digital images in a wide variety of scientific fields. This sixth edition features new sections on selecting a camera with resolution appropriate for use on light microscopes, on the ability of current cameras to capture raw images with high dynamic range, and on imaging in more than two dimensions. It discusses Dmax for X-ray images and combining images with different exposure settings to further&#13;
 extend the dynamic range. This edition also includes a new chapter on shape measurements, a review of new developments in image file searching, and a wide range of new examples and diagrams&quot;-- Provided by publisher</subfield>
  </datafield>
  <datafield tag="650" ind1="0" ind2="0">
   <subfield code="a">Image processing -- </subfield>
   <subfield code="x">Digital techniques -- </subfield>
   <subfield code="x">Handbooks, manuals, etc </subfield>
  </datafield>
  <datafield tag="650" ind1="0" ind2="0">
   <subfield code="a">Image processing -- </subfield>
   <subfield code="x">Handbooks, manuals, etc </subfield>
  </datafield>
  <datafield tag="901" ind1=" " ind2=" ">
   <subfield code="u">http://www.crcpress.com</subfield>
  </datafield>
 </record>
</collection>
